=LDR 00000nam 2200000 4500 =001 INLIS000000000032630 =005 20130612134629 =008 ***********************************ind** =035 ##$$0010-061300000032630 =041 ##$$a ind =082 ##$$a 658.83 =090 ##$$a 658.83, Dar m =100 ##$$a DARMADI, Z.Bambang =245 ##$$a Marketing, mudah untuk siapa saja, dimana saja, Z. Bambang Darmadi =260 ##$$a 2010 $b Yogyakarta =300 ##$$a vi, 106 hlm, 20 cm =650 ##$$a Pemasaran =850 ##$$a NBPNMAT =990 ##$$a 83878387 =990 ##$$a 01201808387